|
|
|
|
| LEADER |
00000cam a2200000 7i4500 |
| 001 |
0000002005 |
| 005 |
20020731.0 |
| 020 |
0 |
0 |
|a 9838120375
|
| 090 |
0 |
0 |
|a 578.77
|b PIL 1999
|
| 100 |
1 |
0 |
|a PILCHER
|h Nicolas
|
| 245 |
1 |
0 |
|a Layang-layang :
|b a drop in the ocean
|c Nicolas Pilcher, Steve Oakley and Ghazally Ismail
|
| 260 |
0 |
0 |
|a Kota Kinabalu, Sabah :
|b Natural History Pub. ,
|c 1999
|
| 300 |
|
|
|a 126 p. :
|b col. ill. ;
|c 26 cm.
|
| 500 |
0 |
0 |
|a Includes index
|
| 650 |
0 |
0 |
|a Biological diversity conservation
|
| 650 |
0 |
0 |
|a Marine biology
|
| 700 |
0 |
1 |
|a Ghazally Ismail ,
|c 1949-
|
| 700 |
0 |
1 |
|a Oakley
|h Steve
|
| 998 |
|
|
|a JPSM
|
| 999 |
|
|
|a 0000003346
|b Monograph
|c Open Shelf
|e Default branch
|